| 000 | 01655nam a2200361Ia 4500 | ||
|---|---|---|---|
| 001 | ebr10338449 | ||
| 003 | CaPaEBR | ||
| 006 | m u | ||
| 007 | cr cn||||||||| | ||
| 008 | 081226s2009 dcua sb 001 0 eng d | ||
| 020 | _z0815702981 | ||
| 020 | _z9780815702986 | ||
| 040 |
_aCaPaEBR _cCaPaEBR |
||
| 035 | _a(OCoLC)646837276 | ||
| 050 | 1 | 4 |
_aQC903 _b.C55 2009eb |
| 245 | 0 | 0 |
_aClimate change, trade, and competitiveness _h[electronic resource] : _bis a collision inevitable? : Brookings trade forum 2008/2009 / _cLael Brainard, Isaac Sorkin, editors. |
| 246 | 3 | _aBrookings trade forum 2008/2009 | |
| 260 |
_aWashington, D.C. : _bBrookings Institution Press, _cc2009. |
||
| 300 |
_ax, 197 p. : _bill. |
||
| 500 | _a"The initial drafts of the papers, comments and reflections included in this volume were delivered at a conference held in Washington in June 2008"--P. vi. | ||
| 504 | _aIncludes bibliographical references and index. | ||
| 533 |
_aElectronic reproduction. _bPalo Alto, Calif. : _cebrary, _d2009. _nAvailable via World Wide Web. _nAccess may be limited to ebrary affiliated libraries. |
||
| 650 | 0 |
_aClimatic changes _xEconomic aspects. |
|
| 650 | 0 | _aCompetition, International. | |
| 650 | 0 |
_aGreenhouse gas mitigation _xGovernment policy _xEconomic aspects. |
|
| 650 | 0 |
_aInternational trade _xEnvironmental aspects. |
|
| 655 | 7 |
_aElectronic books. _2local |
|
| 700 | 1 | _aBrainard, Lael. | |
| 700 | 1 | _aSorkin, Isaac. | |
| 710 | 2 | _aBrookings Institution. | |
| 710 | 2 | _aebrary, Inc. | |
| 856 | 4 | 0 |
_uhttp://site.ebrary.com/lib/rucke/Doc?id=10338449 _zAn electronic book accessible through the World Wide Web; click to view |
| 999 |
_c47720 _d47720 |
||